| 000 | 00568nam a2200193Ia 4500 | ||
|---|---|---|---|
| 005 | 20260120124557.0 | ||
| 008 | 008 260114s9999 xx 000 0 eng d | ||
| 020 | _a9781780520247 | ||
| 037 | _aEBOOK | ||
| 040 |
_aCRL _beng _cCRL |
||
| 041 |
_aeng _2eng |
||
| 084 | _qCRL | ||
| 245 | 0 | _aInterfirm Networks: Theory, Strategy, and Behavior | |
| 260 |
_bEmerald Publishing _c2011 |
||
| 700 |
_aArch G. Woodside _9907966 |
||
| 856 | _uhttps://www.emerald.com/insight/publication/doi/10.1108/S1069-0964(2011)17 | ||
| 942 | _cEBOOK | ||
| 999 |
_c1499855 _d1499855 |
||